Ako „uhádnuť" budúce ceny elektriny
Veľkoobchodná cena elektrickej energie je na rozdiel od cien za distribúciu, prenos, či iné regulované činnosti, dynamicky tvorená v liberalizovanom prostredí energetických trhov. Metódy, ako predpovedať budúci vývoj tejto ceny, potom spočívajú v analyzovaní faktorov, súvislostí a pravidiel, ktorými...
Salvato in:
| Autore principale: | |
|---|---|
| Natura: | Capitolo di libro |
| Lingua: | slovacco |
| Soggetti: | |
| Tags: |
Nessun Tag, puoi essere il primo ad aggiungerne!!
|
MARC
| LEADER | 00000naa a2200000 4500 | ||
|---|---|---|---|
| 001 | 0236217 | ||
| 005 | 20221104112235.1 | ||
| 041 | 0 | |a slo | |
| 044 | |a CZ | ||
| 245 | 1 | 0 | |a Ako „uhádnuť" budúce ceny elektriny |c Ján Pišta |
| 520 | |a Veľkoobchodná cena elektrickej energie je na rozdiel od cien za distribúciu, prenos, či iné regulované činnosti, dynamicky tvorená v liberalizovanom prostredí energetických trhov. Metódy, ako predpovedať budúci vývoj tejto ceny, potom spočívajú v analyzovaní faktorov, súvislostí a pravidiel, ktorými sa tieto trhy riadia. Princíp Merit Order. | ||
| 610 | 2 | 0 | |a prognózy |
| 610 | 2 | 0 | |a elektroenergetika |
| 610 | 2 | 0 | |a elektrina |
| 610 | 2 | 0 | |a energia elektrická |
| 610 | 2 | 0 | |a vývoj cenový |
| 100 | 1 | |a Pišta, Ján | |